La philosophie du projet (notice n° 1629769)

détails MARC
000 -LEADER
fixed length control field 01509cam a2200205 4500500
005 - DATE AND TIME OF LATEST TRANSACTION
control field 20260111102011.0
041 ## - LANGUAGE CODE
Language code of text/sound track or separate title fre
042 ## - AUTHENTICATION CODE
Authentication code dc
100 10 - MAIN ENTRY--PERSONAL NAME
Personal name Beau, Jean-Michel
Relator term author
245 00 - TITLE STATEMENT
Title La philosophie du projet
260 ## - PUBLICATION, DISTRIBUTION, ETC.
Date of publication, distribution, etc. 2005.<br/>
500 ## - GENERAL NOTE
General note 82
520 ## - SUMMARY, ETC.
Summary, etc. Résumé L’équipe du cer d’Aumagne adsea de Charente-Maritime s’interroge sur le projet des cer. Sont-ils des structures innovantes ou passéistes ? Faut-il apporter une réponse à cette question fréquemment posée ? Existe-t-il des structures adaptées à toutes les situations susceptibles d’apporter des réponses pertinentes à des questions complexes ? Donner toute son importance à la structure cer, c’est adopter une posture avant tout, réaliste. Il est impossible de revenir sur les processus d’éducation qui ont échoué, avec simplement de bonnes intentions. Par conséquent, il faut faire avec et trouver des stratégies utiles. Alors, un cer devient le lieu des solutions minimales, celles du possible, en particulier l’établissement de la nécessaire zone transitionnelle telle que la définissait Winnicott, sorte de fondement élémentaire du processus institutionnel.
700 10 - ADDED ENTRY--PERSONAL NAME
Personal name Sambou, Nicolas
Relator term author
700 10 - ADDED ENTRY--PERSONAL NAME
Personal name Mas, Jean-François
Relator term author
700 10 - ADDED ENTRY--PERSONAL NAME
Personal name Soteras, Antoine
Relator term author
700 10 - ADDED ENTRY--PERSONAL NAME
Personal name Balay, Gérard
Relator term author
786 0# - DATA SOURCE ENTRY
Note Empan | 59 | 3 | 2005-09-01 | p. 30-39 | 1152-3336
856 41 - ELECTRONIC LOCATION AND ACCESS
Uniform Resource Identifier <a href="https://shs.cairn.info/revue-empan-2005-3-page-30?lang=fr&redirect-ssocas=7080">https://shs.cairn.info/revue-empan-2005-3-page-30?lang=fr&redirect-ssocas=7080</a>

Pas d'exemplaire disponible.

PLUDOC

PLUDOC est la plateforme unique et centralisée de gestion des bibliothèques physiques et numériques de Guinée administré par le CEDUST. Elle est la plus grande base de données de ressources documentaires pour les Étudiants, Enseignants chercheurs et Chercheurs de Guinée.

Adresse

627 919 101/664 919 101

25 boulevard du commerce
Kaloum, Conakry, Guinée

Réseaux sociaux

Powered by Netsen Group @ 2025